[Event "Moscow Rapid-ch 2018"]
[Site "Moscow"]
[Date "2018.12.08"]
[Round "5"]
[White "Dvalishvili, Pavel S."]
[Black "Zakhartsov, Vladimir"]
[Result "0-1"]
[WhiteElo "2396"]
[BlackElo "2486"]
[Annotator "TA"]
[PlyCount "182"]
[EventDate "2018.12.08"]
[EventType "swiss"]
[EventCountry "RUS"]
[SourceTitle "playchess.com"]
[Source "ChessBase"]
[SourceQuality "1"]

{[%evp 18,182,23,0,0,0,0,0,0,0,48,54,73,54,98,104,72,83,132,133,139,117,128,132,129,33,28,24,32,0,0,16,0,0,0,0,0,0,0,-47,-23,-79,-72,-70,-79,-146,-161,-176,0,-164,-175,-411,-425,-390,-385,-358,-139,-138,-69,-61,-68,-110,-110,-110,-105,-102,-93,-109,-56,-65,-56,-52,-45,-37,-31,-33,-22,-21,0,-36,-25,-36,-29,-29,-35,-30,-25,-25,-25,-25,-25,-25,0,-8,-8,-8,-8,-14,-14,-14,-14,-45,-14,-55,0,-72,0,-72,-14,-14,0,-31,-37,-145,-108,-160,-8,-8,-8,-8,-8,-8,0,0,0,-10,-8,-10,0,0,0,0,0,0,-8,-97,-101,-148,-96,-96,-96,-96,-96,-96,0,-96,-96,-93,-41,-96,-96,-96,-96,-104,-96,-118,-118,-118,-118,-118,-118,-118,-121,-168,-125,-448,-448]} 1. d4 Nf6 2. Nf3 g6 3. c4 Bg7 4. Nc3 d5 5. Bg5 Ne4 6. Bh4 Nxc3 7. bxc3 c5 8. e3 Nc6 9. cxd5 Qxd5 10. Qb3 {LiveBook: 3 Games. D91: Grünfeld: 4 Nf3 Bg7 5 Bg5} Be6 {[%cal Rc5d4]} 11. Qa3 O-O {[%cal Rc5d4]} 12. Be2 $1 {The position is equal.} cxd4 13. cxd4 b5 $146 ({Predecessor:} 13... Qd7 14. O-O Bd5 15. Rfd1 {1-0 (37) Jakovenko,D (2704)-Matinian,N (2474) Khanty-Mansiysk 2016}) 14. O-O b4 15. Qa6 Rab8 16. Rfc1 Rb6 17. Qa4 Bd7 {[%cal Rc6d4]} 18. Qb3 e6 19. Nd2 Na5 20. Qxd5 exd5 21. Rc5 (21. Rc7 $16 Bb5 22. Bf3 (22. Rxa7 Nc6 $17)) 21... Nb7 $1 $14 {[%cal Rb7c5]} 22. Rc7 Be6 $1 23. Nb3 a5 {[%cal Ba7a5,Ba5a4,Ba4b3,Bb3b2][%mdl 32]} 24. Be7 Ra8 25. h4 a4 26. Nc5 Nxc5 27. Bxc5 Rbb8 28. Rb1 Bf8 29. Bd3 (29. Ra1 $11) 29... b3 $17 30. axb3 axb3 31. Kf1 (31. Ra7 $142) 31... Bxc5 $1 32. Rxc5 Ra2 $2 ({Better is} 32... b2 $19 {White must now prevent ...Bf5.} 33. Rc2 Ra3 34. Bxg6 hxg6 35. Rbxb2 Rba8) 33. Rc3 $2 (33. Rb5 $11 {and White has nothing to worry.} Rxb5 34. Bxb5) 33... b2 $19 34. Ke2 $2 (34. Rc2 {was forced.}) 34... Ra1 $1 35. f3 Bf5 {Hoping for ...Bxd3+.} 36. e4 dxe4 $2 (36... Be6 $19 {is more deadly. And now ...Rb4 would win.} 37. g3 Rb4) 37. fxe4 $17 {[#]} Bxe4 $1 {[%mdl 512]} 38. Bxe4 $15 {Threatens to win with Kd2.} Re8 $1 {[%csl LRb1,LRe4]} 39. Kf3 Rxe4 $1 {[%mdl 64] Double Attack} 40. Rxb2 Rxh4 $17 {[%mdl 4096] Endgame KRR-KRR} 41. Rd2 Ra4 42. Rcd3 Kf8 (42... f5 $17 43. g3 Re4) 43. d5 $15 {[%cal Bd4d5,Bd5d6][%mdl 32]} Rhf4+ 44. Kg3 Ke7 45. d6+ $1 Kd7 46. Rc2 Rac4 47. Ra2 Ra4 48. Rc2 Rg4+ 49. Kh3 Rh4+ 50. Kg3 Rhc4 51. Rb2 Rab4 52. Ra2 Rg4+ 53. Kh3 Rh4+ 54. Kg3 Rhg4+ 55. Kh3 Rgd4 56. Ra7+ Ke6 57. Re7+ Kf6 58. Rf3+ Rf4 {aiming for ...Rxf3+.} 59. Rc3 Rbc4 60. Rb3 Rb4 61. Rc3 Rbc4 62. Rb3 Rc8 (62... Rce4 $17 63. Ra7 Rd4) 63. g3 $11 Rf5 64. Rbb7 Rf8 65. Re3 (65. Rb3 $15) 65... Rd5 66. Rf3+ (66. Rd7 $142) 66... Ke6 $2 (66... Kg7 $1 $17 67. Rd7 g5) 67. Re7+ Kxd6 68. Rexf7 Rh5+ 69. Kg4 Ra8 70. Rd3+ Ke6 71. Rf4 Re5 72. Rdf3 h5+ 73. Kh3 g5 74. Rf6+ Kd5 75. g4 h4 76. Rd3+ (76. R6f5 $1 $11 {keeps the balance.}) 76... Kc4 $17 77. Rfd6 Rb8 (77... Rae8 $142 $1 78. R6d4+ Kc5) 78. R6d4+ Kc5 79. Ra4 Rbe8 80. Raa3 Re4 (80... Kb6 $17) 81. Rac3+ (81. Ra5+ $1 $11 Kc4 82. Rdd5) 81... Rc4 $1 {[%cal Rc4c3] Strongly threatening ...Rxc3.} 82. Ra3 Kc6 (82... Rb8 $1 $17 83. Rf3 Rb5 84. Rf5+ Kb6 85. Rf6+ Rc6) 83. Ra5 {[#]} ({White should play} 83. Ra6+ $1 $15 Kb5 84. Rda3) 83... Rc5 $1 {[%cal Rc5a5]} 84. Ra6+ Kb5 85. Raa3 Re4 86. Rab3+ Rb4 87. Ra3 Rbc4 88. Rab3+ Kc6 89. Ra3 Rc1 90. Ra6+ Kb5 91. Rg6 $2 {[%mdl 8192] [#]} (91. Rad6 $17 {is a better chance.}) 91... R5c2 $1 {Accuracy: White = 48%, Black = 52%.} 0-1

[Event "Moscow Rapid-ch 2018"]
[Site "Moscow"]
[Date "2018.12.08"]
[Round "5"]
[White "Lavrov, Maxim"]
[Black "Gorbatov, Alexej"]
[Result "1-0"]
[WhiteElo "2387"]
[BlackElo "2389"]
[Annotator "NA"]
[PlyCount "69"]
[EventDate "2018.12.08"]
[EventType "swiss"]
[EventCountry "RUS"]
[SourceTitle "playchess.com"]
[Source "ChessBase"]
[SourceQuality "1"]
[TimeControl "900+10"]

1. e4 {[%emt 0:00:00]} c5 {[%emt 0:00:00]} 2. c3 {[%emt 0:00:00]} a6 {[%emt 0:00:16]} 3. d4 {[%emt 0:00:00]} cxd4 {[%emt 0:00:01]} 4. cxd4 {[%emt 0:00:00]} d5 {[%emt 0:00:01]} 5. Nc3 {[%emt 0:00:17]} dxe4 {[%emt 0:00:05]} 6. Bc4 {[%emt 0:00:17]} Nf6 {[%emt 0:00:26]} 7. Qb3 {[%emt 0:00:31]} e6 {[%emt 0:00:03]} 8. d5 {[%emt 0:00:18]} b5 {[%emt 0:00:38]} 9. dxe6 {[%emt 0:05:09]} bxc4 {[%emt 0:00:12]} 10. Qa4+ {[%emt 0:00:01]} Ke7 {[%emt 0:00:36]} 11. Be3 {[%emt 0:00:45]} fxe6 {[%emt 0:01:26]} 12. Qxc4 {[%emt 0:00:37]} Bb7 {[%emt 0:02:16]} 13. Qb4+ {[%emt 0:00:06]} Ke8 {[%emt 0:00:53]} 14. Qxb7 {[%emt 0:00:02]} Nbd7 {[%emt 0:00:01]} 15. Nh3 {[%emt 0:01:15]} Bd6 {[%emt 0:02:29]} 16. Ng5 {[%emt 0:00:19]} Qc7 {[%emt 0:00:37]} 17. Qxc7 {[%emt 0:00:11]} Bxc7 {[%emt 0:00:05]} 18. Nxe6 {[%emt 0:00:02]} Be5 {[%emt 0:01:00]} 19. Nxg7+ {[%emt 0:00:07]} Kf7 {[%emt 0:00:03]} 20. Nf5 {[%emt 0:00:02]} Rab8 {[%emt 0:00:07]} 21. O-O-O {[%emt 0:00:40]} Kg6 {[%emt 0:02:36]} 22. Ne7+ {[%emt 0:00:51]} Kf7 {[%emt 0:00:21]} 23. Nc6 {[%emt 0:00:15]} Rb7 {[%emt 0:00:13]} 24. Nxe5+ {[%emt 0:01:30]} Nxe5 {[%emt 0:00:01]} 25. Kb1 {[%emt 0:00:15]} Rc8 {[%emt 0:00:15]} 26. Bd4 {[%emt 0:00:21]} Nc4 {[%emt 0:00:47]} 27. b3 {[%emt 0:00:13]} Na3+ {[%emt 0:00:02]} 28. Kb2 {[%emt 0:00:10]} Nc4+ {[%emt 0:00:01]} 29. Ka1 {[%emt 0:00:08]} Na3 {[%emt 0:00:19]} 30. Bxf6 {[%emt 0:00:10]} Kxf6 {[%emt 0:01:47]} 31. Nxe4+ {[%emt 0:00:02]} Kg6 {[%emt 0:00:46]} 32. Nd6 {[%emt 0:00:05]} Rc2 {[%emt 0:00:01]} 33. Nxb7 {[%emt 0:00:09]} Nb5 {[%emt 0:00:01]} 34. Rc1 {[%emt 0:00:14]} Rxf2 {[%emt 0:00:03]} 35. Nc5 {[%emt 0:00:05]} 1-0

[Event "Moscow Rapid-ch 2018"]
[Site "Moscow"]
[Date "2018.12.08"]
[Round "5"]
[White "Tsvetkov, Andrey"]
[Black "Girshgorn, Leonid"]
[Result "1-0"]
[WhiteElo "2338"]
[BlackElo "2038"]
[Annotator "NA"]
[PlyCount "116"]
[EventDate "2018.12.08"]
[EventType "swiss"]
[EventCountry "RUS"]
[SourceTitle "playchess.com"]
[Source "ChessBase"]
[SourceQuality "1"]
[TimeControl "900+10"]

1. d4 {[%emt 0:00:00]} Nf6 {[%emt 0:00:00]} 2. c4 {[%emt 0:00:00]} g6 {[%emt 0:00:00]} 3. Nc3 {[%emt 0:00:00]} d5 {[%emt 0:00:00]} 4. cxd5 {[%emt 0:00:00]} Nxd5 {[%emt 0:00:00]} 5. e4 {[%emt 0:00:00]} Nxc3 {[%emt 0:00:00]} 6. bxc3 {[%emt 0:00:00]} Bg7 {[%emt 0:00:00]} 7. Nf3 {[%emt 0:00:00]} c5 {[%emt 0:00:00]} 8. Be3 {[%emt 0:00:00]} Nc6 {[%emt 0:00:00]} 9. Qd2 {[%emt 0:00:08]} cxd4 {[%emt 0:00:03]} 10. cxd4 {[%emt 0:00:02]} Bg4 {[%emt 0:00:05]} 11. Rd1 {[%emt 0:00:11]} O-O {[%emt 0:00:02]} 12. Be2 {[%emt 0:00:33]} Rc8 {[%emt 0:00:03]} 13. O-O {[%emt 0:00:08]} Na5 {[%emt 0:00:08]} 14. Qb4 {[%emt 0:01:45]} Nc6 {[%emt 0:01:39]} 15. Qxb7 {[%emt 0:01:45]} Bxf3 {[%emt 0:00:48]} 16. Bxf3 {[%emt 0:01:39]} Nxd4 {[%emt 0:00:12]} 17. Qxa7 {[%emt 0:00:02]} Nxf3+ {[%emt 0:03:06]} 18. gxf3 {[%emt 0:00:02]} Qe8 {[%emt 0:00:10]} 19. Qd7 {[%emt 0:02:31]} Rc2 {[%emt 0:01:22]} 20. Qxe8 {[%emt 0:00:13]} Rxe8 {[%emt 0:00:00]} 21. a3 {[%emt 0:00:03]} Ra8 {[%emt 0:00:38]} 22. Rd7 {[%emt 0:00:28]} Bf8 {[%emt 0:01:00]} 23. Rb1 {[%emt 0:01:01]} Rcc8 {[%emt 0:00:41]} 24. Rb3 {[%emt 0:00:15]} Ra6 {[%emt 0:02:28]} 25. Ra7 {[%emt 0:00:43]} Ra8 {[%emt 0:00:44]} 26. Rxa6 {[%emt 0:01:07]} Rxa6 {[%emt 0:00:01]} 27. Rb8 {[%emt 0:00:01]} Kg7 {[%emt 0:00:11]} 28. Bc5 {[%emt 0:00:02]} f6 {[%emt 0:00:23]} 29. Kf1 {[%emt 0:00:22]} Kf7 {[%emt 0:00:01]} 30. Ke2 {[%emt 0:00:02]} f5 {[%emt 0:00:10]} 31. Kd3 {[%emt 0:00:29]} Bg7 {[%emt 0:00:19]} 32. Rb7 {[%emt 0:00:22]} Bf6 {[%emt 0:00:02]} 33. Ra7 {[%emt 0:01:16]} fxe4+ {[%emt 0:00:12]} 34. fxe4 {[%emt 0:00:05]} Rc6 {[%emt 0:00:06]} 35. Bb4 {[%emt 0:00:10]} Bh4 {[%emt 0:00:17]} 36. f4 {[%emt 0:00:14]} Rc1 {[%emt 0:00:17]} 37. Bd2 {[%emt 0:00:49]} Rd1 {[%emt 0:00:21]} 38. Rd7 {[%emt 0:01:34]} Ra1 {[%emt 0:00:13]} 39. Ra7 {[%emt 0:00:01]} Rd1 {[%emt 0:00:07]} 40. Kc3 {[%emt 0:02:32]} Bf2 {[%emt 0:00:13]} 41. Rb7 {[%emt 0:00:26]} Ra1 {[%emt 0:00:19]} 42. Kc4 {[%emt 0:00:34]} Rd1 {[%emt 0:00:59]} 43. Bc3 {[%emt 0:00:14]} Be3 {[%emt 0:00:12]} 44. f5 {[%emt 0:00:10]} gxf5 {[%emt 0:00:01]} 45. exf5 {[%emt 0:00:01]} Bg5 {[%emt 0:00:18]} 46. a4 {[%emt 0:00:17]} Bf6 {[%emt 0:00:56]} 47. Bb4 {[%emt 0:00:19]} Rd4+ {[%emt 0:00:10]} 48. Kb5 {[%emt 0:00:02]} Rd5+ {[%emt 0:01:02]} 49. Kc6 {[%emt 0:00:01]} Rxf5 50. a5 Rf1 {[%emt 0:02:55]} 51. a6 {[%emt 0:00:28]} Ra1 {[%emt 0:00:01]} 52. a7 {[%emt 0:00:18]} Bd4 {[%emt 0:00:32]} 53. Rxe7+ {[%emt 0:00:01]} Kf6 {[%emt 0:00:08]} 54. Rd7 {[%emt 0:00:05]} Ra6+ {[%emt 0:00:04]} 55. Kb5 {[%emt 0:00:00]} Rxa7 {[%emt 0:00:04]} 56. Rxd4 {[%emt 0:00:00]} Ra2 {[%emt 0:00:06]} 57. Rd2 {[%emt 0:00:04]} Ra1 {[%emt 0:00:11]} 58. Bc3+ {[%emt 0:00:12]} Ke6 1-0

[Event "Moscow Rapid-ch 2018"]
[Site "Moscow"]
[Date "2018.12.08"]
[Round "5"]
[White "Dudin, Gleb"]
[Black "Gurvich, Vitaly"]
[Result "1/2-1/2"]
[WhiteElo "2303"]
[BlackElo "2270"]
[Annotator "NA"]
[PlyCount "95"]
[EventDate "2018.12.08"]
[EventType "swiss"]
[EventCountry "RUS"]
[SourceTitle "playchess.com"]
[Source "ChessBase"]
[SourceQuality "1"]
[TimeControl "900+10"]

1. c4 Nf6 2. Nc3 g6 3. e4 d6 4. d4 Bg7 5. Be2 O-O 6. Bg5 c5 7. d5 b5 8. cxb5 a6 9. a4 Qa5 10. Bd2 axb5 11. Bxb5 Ba6 12. Ra3 Nbd7 13. Nf3 Bxb5 14. Nxb5 Qb6 15. Qc2 e6 16. dxe6 fxe6 17. O-O d5 18. exd5 exd5 19. Bf4 Ne4 20. Bc7 Qb7 21. Rd1 Kh8 22. Re3 c4 23. b3 cxb3 24. Qxb3 Ndc5 25. Qxd5 Qxd5 26. Rxd5 Rxa4 27. Rd1 Rb4 28. Nd6 Nc3 29. Rc1 Rb2 30. h3 N5a4 31. Kh1 Rxf2 32. Ne4 Nxe4 33. Rxe4 Nc3 34. Rc4 Nd5 35. Bg3 Re2 36. Rc8 Ree8 37. Rxe8 Rxe8 38. Rd1 Nc3 39. Rd7 Ne4 40. Bc7 Bf6 41. Bb6 Kg8 42. Bd4 Bxd4 43. Rxd4 Ng3+ 44. Kh2 Nf5 45. Rd2 Kg7 46. Rd7+ Re7 47. Rxe7+ Nxe7 48. Ng1 1/2-1/2

[Event "Moscow Rapid-ch 2018"]
[Site "Moscow"]
[Date "2018.12.08"]
[Round "5"]
[White "Paramzina, Anastasya"]
[Black "Borisova, Ekaterina"]
[Result "1-0"]
[WhiteElo "2229"]
[BlackElo "2244"]
[Annotator "NA"]
[PlyCount "91"]
[EventDate "2018.12.08"]
[EventType "swiss"]
[EventCountry "RUS"]
[SourceTitle "playchess.com"]
[Source "ChessBase"]
[SourceQuality "1"]
[TimeControl "900+10"]

1. e4 {[%emt 0:00:00]} c5 {[%emt 0:00:00]} 2. Nc3 {[%emt 0:00:22]} Nc6 {[%emt 0:00:00]} 3. Nf3 {[%emt 0:00:15]} d6 {[%emt 0:00:00]} 4. d4 {[%emt 0:00:07]} cxd4 {[%emt 0:00:00]} 5. Nxd4 {[%emt 0:00:01]} Nf6 {[%emt 0:00:00]} 6. Nb3 {[%emt 0:01:39]} g6 {[%emt 0:00:42]} 7. Be2 {[%emt 0:00:31]} Bg7 {[%emt 0:00:01]} 8. h4 {[%emt 0:00:06]} h5 {[%emt 0:00:37]} 9. f3 {[%emt 0:00:22]} Be6 {[%emt 0:01:17]} 10. Nd5 {[%emt 0:00:48]} Bxd5 {[%emt 0:01:24]} 11. exd5 {[%emt 0:00:01]} Ne5 {[%emt 0:00:23]} 12. Be3 {[%emt 0:00:51]} Qc7 {[%emt 0:00:49]} 13. Qd2 {[%emt 0:04:04]} Rc8 {[%emt 0:02:27]} 14. c4 {[%emt 0:01:19]} O-O {[%emt 0:01:42]} 15. Rc1 {[%emt 0:00:06]} b5 {[%emt 0:01:04]} 16. cxb5 {[%emt 0:01:46]} Qb7 {[%emt 0:00:04]} 17. Rd1 {[%emt 0:00:03]} Nc4 {[%emt 0:00:37]} 18. Bxc4 {[%emt 0:00:13]} Rxc4 {[%emt 0:00:02]} 19. Na5 {[%emt 0:00:02]} Qxb5 {[%emt 0:00:09]} 20. Nxc4 {[%emt 0:00:04]} Qxc4 {[%emt 0:00:01]} 21. b3 {[%emt 0:00:07]} Qa6 {[%emt 0:00:31]} 22. Kf2 {[%emt 0:00:10]} Nd7 {[%emt 0:00:07]} 23. Rc1 {[%emt 0:00:35]} Ne5 {[%emt 0:00:14]} 24. Rhd1 {[%emt 0:00:05]} Bf6 {[%emt 0:00:50]} 25. g3 {[%emt 0:00:27]} Qb7 {[%emt 0:00:24]} 26. Kg2 {[%emt 0:00:24]} Qd7 {[%emt 0:00:18]} 27. Qc2 {[%emt 0:00:30]} a5 {[%emt 0:01:06]} 28. Qe4 {[%emt 0:01:23]} Rb8 {[%emt 0:00:46]} 29. Rc2 {[%emt 0:00:19]} Rb4 {[%emt 0:00:50]} 30. Rd4 {[%emt 0:00:20]} Rb5 {[%emt 0:00:18]} 31. Bg5 {[%emt 0:00:33]} Bxg5 {[%emt 0:01:00]} 32. hxg5 {[%emt 0:00:02]} Qb7 {[%emt 0:01:09]} 33. Rd1 {[%emt 0:00:26]} Rb4 {[%emt 0:00:06]} 34. Qe3 {[%emt 0:00:16]} Rb5 {[%emt 0:00:50]} 35. Qd4 {[%emt 0:00:12]} Rb4 {[%emt 0:00:10]} 36. Qc3 {[%emt 0:00:03]} Qa7 {[%emt 0:00:21]} 37. Rdc1 {[%emt 0:00:37]} Rb5 {[%emt 0:00:23]} 38. Qd2 {[%emt 0:00:27]} a4 {[%emt 0:00:16]} 39. f4 {[%emt 0:00:22]} Ng4 {[%emt 0:00:07]} 40. Rc8+ {[%emt 0:00:11]} Kh7 {[%emt 0:00:06]} 41. Qb2 {[%emt 0:00:15]} e5 {[%emt 0:00:27]} 42. dxe6 {[%emt 0:00:06]} Qb7+ {[%emt 0:00:01]} 43. R1c6 {[%emt 0:00:26]} Ne5 {[%emt 0:00:09]} 44. fxe5 {[%emt 0:00:13]} Rxe5 {[%emt 0:00:01]} 45. exf7 {[%emt 0:00:14]} Qb5 {[%emt 0:00:05]} 46. Rh8+ {[%emt 0:00:30]} 1-0

[Event "Moscow Rapid-ch 2018"]
[Site "Moscow"]
[Date "2018.12.08"]
[Round "5"]
[White "Vlasov, Sergey"]
[Black "Chudinovskikh, Alexander M"]
[Result "1-0"]
[WhiteElo "2229"]
[BlackElo "2184"]
[Annotator "NA"]
[PlyCount "109"]
[EventDate "2018.12.08"]
[EventType "swiss"]
[EventCountry "RUS"]
[SourceTitle "playchess.com"]
[Source "ChessBase"]
[SourceQuality "1"]
[TimeControl "900+10"]

1. e4 {[%emt 0:00:00]} e5 {[%emt 0:00:00]} 2. Bc4 {[%emt 0:00:00]} Nf6 {[%emt 0:00:00]} 3. Qe2 {[%emt 0:00:00]} Bc5 {[%emt 0:00:09]} 4. Nf3 {[%emt 0:00:01]} Nc6 {[%emt 0:00:11]} 5. c3 {[%emt 0:00:04]} O-O {[%emt 0:00:03]} 6. Bb3 {[%emt 0:00:01]} d5 {[%emt 0:00:06]} 7. d3 {[%emt 0:00:02]} a5 {[%emt 0:00:30]} 8. a4 {[%emt 0:00:45]} Be6 {[%emt 0:00:12]} 9. Bc2 {[%emt 0:00:06]} Ng4 {[%emt 0:01:05]} 10. O-O {[%emt 0:00:33]} f5 {[%emt 0:00:02]} 11. Ng5 {[%emt 0:05:00]} Bc8 {[%emt 0:00:36]} 12. exd5 {[%emt 0:01:30]} Qxd5 {[%emt 0:00:54]} 13. Nd2 {[%emt 0:00:08]} Kh8 {[%emt 0:00:29]} 14. Bb3 {[%emt 0:01:04]} Qd6 {[%emt 0:00:01]} 15. h3 {[%emt 0:03:07]} Nh6 {[%emt 0:00:15]} 16. Kh1 {[%emt 0:01:33]} Bd7 {[%emt 0:00:10]} 17. Nde4 {[%emt 0:00:58]} fxe4 {[%emt 0:00:18]} 18. Nxe4 {[%emt 0:00:02]} Qg6 {[%emt 0:03:55]} 19. Nxc5 {[%emt 0:00:09]} Bf5 {[%emt 0:00:04]} 20. Bc4 {[%emt 0:01:23]} Bg4 {[%emt 0:02:23]} 21. Qe3 {[%emt 0:00:24]} Nf5 {[%emt 0:01:57]} 22. Qg5 {[%emt 0:00:59]} Ng3+ {[%emt 0:00:04]} 23. Kg1 {[%emt 0:00:13]} Qxg5 {[%emt 0:02:36]} 24. Bxg5 {[%emt 0:00:04]} Nxf1 {[%emt 0:00:09]} 25. hxg4 {[%emt 0:00:28]} h6 {[%emt 0:00:02]} 26. Bc1 {[%emt 0:00:15]} Nh2 {[%emt 0:00:13]} 27. Kxh2 {[%emt 0:00:17]} Rxf2 {[%emt 0:00:01]} 28. Ne4 {[%emt 0:00:17]} Rf1 {[%emt 0:00:07]} 29. b3 {[%emt 0:00:02]} Raf8 {[%emt 0:00:13]} 30. Bb2 {[%emt 0:00:02]} Rxa1 {[%emt 0:00:02]} 31. Bxa1 {[%emt 0:00:01]} Rf1 {[%emt 0:00:12]} 32. Bb2 {[%emt 0:00:01]} Ne7 {[%emt 0:00:06]} 33. Ba3 {[%emt 0:00:12]} Ng6 {[%emt 0:00:03]} 34. Bc5 {[%emt 0:00:17]} Nf4 {[%emt 0:00:12]} 35. g3 {[%emt 0:00:04]} Ne2 {[%emt 0:00:30]} 36. Be3 {[%emt 0:00:27]} Rd1 {[%emt 0:00:19]} 37. Kg2 {[%emt 0:00:07]} Rb1 {[%emt 0:00:19]} 38. Kf3 {[%emt 0:00:17]} Nc1 {[%emt 0:00:09]} 39. Bxc1 Rxc1 40. Ke3 {[%emt 0:00:21]} g6 {[%emt 0:00:04]} 41. b4 {[%emt 0:00:08]} Ra1 {[%emt 0:00:06]} 42. Bb3 {[%emt 0:00:07]} axb4 {[%emt 0:00:20]} 43. cxb4 {[%emt 0:00:01]} Rb1 {[%emt 0:00:05]} 44. Nd2 {[%emt 0:00:03]} Rg1 {[%emt 0:00:01]} 45. Kf2 {[%emt 0:00:07]} Rh1 {[%emt 0:00:07]} 46. a5 {[%emt 0:00:03]} Kg7 {[%emt 0:00:03]} 47. Bd5 {[%emt 0:00:08]} Rd1 {[%emt 0:00:21]} 48. Ke2 {[%emt 0:00:01]} Rg1 {[%emt 0:00:04]} 49. Bxb7 {[%emt 0:00:06]} Ra1 {[%emt 0:00:05]} 50. a6 {[%emt 0:00:04]} h5 {[%emt 0:00:01]} 51. gxh5 {[%emt 0:00:02]} gxh5 {[%emt 0:00:01]} 52. Nb3 {[%emt 0:00:10]} Ra2+ {[%emt 0:00:06]} 53. Ke3 {[%emt 0:00:01]} Kf6 {[%emt 0:00:01]} 54. Na5 {[%emt 0:00:01]} Ra3 {[%emt 0:00:07]} 55. a7 {[%emt 0:00:03]} 1-0

[Event "Moscow Rapid-ch 2018"]
[Site "Moscow"]
[Date "2018.12.08"]
[Round "5"]
[White "Chasovnikova, Eugenia"]
[Black "Kanevskaya, Anna"]
[Result "0-1"]
[WhiteElo "2201"]
[BlackElo "2105"]
[Annotator "NA"]
[PlyCount "96"]
[EventDate "2018.12.08"]
[EventType "swiss"]
[EventCountry "RUS"]
[SourceTitle "playchess.com"]
[Source "ChessBase"]
[SourceQuality "1"]
[TimeControl "900+10"]

1. d4 Nf6 2. Nf3 d5 3. c4 c6 4. Nc3 e6 5. Bg5 h6 6. Bh4 Nbd7 7. cxd5 exd5 8. e3 Be7 9. Bd3 O-O 10. Qc2 Re8 11. h3 Ne4 12. Bxe7 Qxe7 13. Bxe4 dxe4 14. Nd2 Nf6 15. Nc4 Qb4 16. Ne5 c5 17. O-O-O Bf5 18. g4 Bh7 19. a3 Qa5 20. Qb3 Qc7 21. h4 cxd4 22. exd4 Rxe5 23. dxe5 Nxg4 24. e6 Nxf2 25. exf7+ Kh8 26. Rhf1 e3 27. Qe6 Rf8 28. Qxe3 Nxd1 29. Qe8 Qd6 30. Rxd1 Qf4+ 31. Rd2 Qxf7 32. Qxf7 Rxf7 33. Rd8+ Bg8 34. Nd5 Kh7 35. h5 Rf5 36. Ne7 Rc5+ 37. Kd2 Bf7 38. Rd7 Rb5 39. b4 Bxh5 40. Nd5 Bf3 41. Nc3 Re5 42. a4 h5 43. Kd3 h4 44. Kd4 Rf5 45. Ke3 h3 46. Rd2 Bg2 47. Ne2 h2 48. Ng3 Rf3+ 0-1

[Event "Moscow Rapid-ch 2018"]
[Site "Moscow"]
[Date "2018.12.08"]
[Round "5"]
[White "Kornilovich, Dmitry"]
[Black "Dragomarezkij, Evgeni"]
[Result "0-1"]
[WhiteElo "2133"]
[BlackElo "2385"]
[Annotator "NA"]
[PlyCount "106"]
[EventDate "2018.12.08"]
[EventType "swiss"]
[EventCountry "RUS"]
[SourceTitle "playchess.com"]
[Source "ChessBase"]
[SourceQuality "1"]
[TimeControl "900+10"]

1. e4 {[%emt 0:00:00]} c5 {[%emt 0:00:00]} 2. Nf3 {[%emt 0:00:02]} e6 {[%emt 0:00:00]} 3. b3 {[%emt 0:00:00]} Nc6 {[%emt 0:00:00]} 4. Bb2 {[%emt 0:00:12]} a6 {[%emt 0:00:00]} 5. e5 {[%emt 0:00:38]} g6 {[%emt 0:00:53]} 6. g3 {[%emt 0:00:13]} Bg7 {[%emt 0:00:04]} 7. Bg2 {[%emt 0:00:05]} Nh6 {[%emt 0:00:53]} 8. O-O {[%emt 0:00:17]} Ng4 {[%emt 0:00:49]} 9. d4 {[%emt 0:01:24]} cxd4 {[%emt 0:00:12]} 10. Nxd4 {[%emt 0:00:04]} Ngxe5 {[%emt 0:01:04]} 11. f4 {[%emt 0:01:17]} O-O {[%emt 0:00:26]} 12. fxe5 {[%emt 0:00:30]} Nxe5 {[%emt 0:00:01]} 13. Kh1 {[%emt 0:00:16]} d5 {[%emt 0:00:45]} 14. Nf3 {[%emt 0:00:13]} Nc6 {[%emt 0:01:07]} 15. Bxg7 {[%emt 0:00:05]} Kxg7 {[%emt 0:00:02]} 16. c4 {[%emt 0:02:12]} dxc4 {[%emt 0:00:20]} 17. bxc4 {[%emt 0:00:10]} e5 {[%emt 0:00:18]} 18. Nc3 {[%emt 0:00:24]} Be6 {[%emt 0:00:08]} 19. Nd5 {[%emt 0:00:16]} b5 {[%emt 0:00:12]} 20. cxb5 {[%emt 0:02:07]} axb5 {[%emt 0:00:02]} 21. Nc3 {[%emt 0:00:01]} b4 {[%emt 0:00:32]} 22. Ne4 {[%emt 0:00:01]} Qxd1 {[%emt 0:01:21]} 23. Rfxd1 {[%emt 0:00:05]} Bxa2 {[%emt 0:00:50]} 24. Nc5 {[%emt 0:01:09]} b3 {[%emt 0:00:25]} 25. Nxe5 {[%emt 0:02:11]} b2 {[%emt 0:02:04]} 26. Nxc6 {[%emt 0:00:24]} bxa1=Q {[%emt 0:00:34]} 27. Rxa1 {[%emt 0:00:02]} Bd5 {[%emt 0:00:32]} 28. Rxa8 {[%emt 0:00:29]} Bxg2+ {[%emt 0:00:05]} 29. Kxg2 {[%emt 0:00:01]} Rxa8 {[%emt 0:00:01]} 30. Nd4 {[%emt 0:00:20]} Ra2+ {[%emt 0:00:03]} 31. Kf3 {[%emt 0:00:57]} Rxh2 {[%emt 0:00:11]} 32. Ne2 {[%emt 0:00:14]} Rh1 {[%emt 0:00:06]} 33. Ne4 {[%emt 0:00:05]} Rf1+ {[%emt 0:00:06]} 34. Kg2 {[%emt 0:00:13]} Ra1 {[%emt 0:00:03]} 35. Kf3 {[%emt 0:00:10]} f5 {[%emt 0:00:04]} 36. Nc5 {[%emt 0:00:23]} Ra3+ {[%emt 0:00:17]} 37. Kf2 {[%emt 0:00:52]} Ra2 {[%emt 0:00:50]} 38. Kf3 {[%emt 0:00:03]} Rc2 {[%emt 0:00:14]} 39. Nd7 {[%emt 0:00:11]} Rc7 {[%emt 0:00:13]} 40. Nb6 {[%emt 0:00:12]} Rc5 {[%emt 0:00:28]} 41. Nf4 {[%emt 0:00:38]} Rc3+ {[%emt 0:00:05]} 42. Kf2 {[%emt 0:00:05]} Rb3 {[%emt 0:00:06]} 43. Nd7 {[%emt 0:00:16]} Ra3 {[%emt 0:00:32]} 44. Kg2 {[%emt 0:00:10]} Ra7 {[%emt 0:00:13]} 45. Nc5 {[%emt 0:00:38]} Kf6 {[%emt 0:00:11]} 46. Kf3 {[%emt 0:00:45]} Ke5 {[%emt 0:00:11]} 47. Nce6 {[%emt 0:00:48]} Ra3+ {[%emt 0:00:11]} 48. Kg2 {[%emt 0:00:01]} Kf6 {[%emt 0:00:33]} 49. Nc7 {[%emt 0:00:44]} g5 {[%emt 0:00:20]} 50. Ne2 {[%emt 0:00:06]} Ke5 {[%emt 0:00:06]} 51. Kf2 {[%emt 0:00:18]} Ra5 {[%emt 0:00:30]} 52. Ne8 {[%emt 0:00:09]} Ra7 {[%emt 0:00:17]} 53. Ng1 {[%emt 0:00:04]} g4 {[%emt 0:00:14]} 0-1